000 01373cam a2200301 i 4500
001 19351078
005 20260701162726.0
008 161025s2017 ilu b 001 0 eng
010 _a 2016046950
020 _a9780830826438
035 _a19351078
040 _aDLC
_beng
_cDLC
_erda
_dDLC
042 _apcc
050 0 0 _aBS2545.P68
_bG75 2017
082 0 0 _a251.009/015
_223
100 1 _aGriffiths, Jonathan
_c(Preaching instructor),
_eauthor.
245 1 0 _aPreaching in the New Testament :
_ban exegetical and biblical-theological study /
_cJonathan I. Griffiths.
300 _axvi, 152 pages ;
_c21 cm.
490 0 _aNew studies in biblical theology ;
_v42
504 _aIncludes bibliographical references (pages 134-139) and index.
583 _aCataloguing:
_c20260701
_kmketermketer
630 0 0 _aBible.
_pNew Testament
_xCriticism, interpretation, etc.
650 0 _aPreaching
_xBiblical teaching.
776 0 8 _iOnline version:
_aGriffiths, Jonathan (Preaching instructor), author.
_tPreaching in the New Testament
_dDowners Grove : InterVarsity Press, 2017
_z9780830889723
_w(DLC) 2016051875
906 _a7
_bcbc
_corignew
_d1
_eecip
_f20
_gy-gencatlg
942 _2lcc
_cBK
999 _c21740
_d21739